| 000 | 01110nam a2200289 i 4500 | ||
|---|---|---|---|
| 003 | DO-SdBNP | ||
| 005 | 20250403095219.0 | ||
| 007 | ta | ||
| 008 | 250403b2024 dr ||||| |||| 00| 0 spa d | ||
| 020 | _a9789945510669 | ||
| 040 |
_aDO-SdBNP _bspa _cBNPHU _erda |
||
| 082 | 4 |
_axxx _bS237r _222 |
|
| 100 | 1 |
_aSantos, Roque, _eautor _4aut. _987321 |
|
| 245 | 1 | 0 |
_aRaza y nación en la obra literaria de Francisco Moscoso Puello / _cRoque Santos ; corrección, María del Carmen Vicente, Apolinar Liz Rodríguez |
| 264 | 4 |
_aSanto Domingo : _bMinisterio de Cultura _bEditora Nacional, _c©2024. |
|
| 300 |
_a454 páginas ; _c21 cm. |
||
| 336 |
_atexto _btxt _2rdacontent |
||
| 337 |
_asin mediación _bn _2rdamedia |
||
| 338 |
_avolumen _bnc _2rdacarrier |
||
| 500 | _aIncluye datos biográficos del autor en la solapa de la cubierta | ||
| 586 | _aPremio Anual de Ensayo Pedro Henríquez Ureña 2023. | ||
| 590 | _aInventariado, 2025/BT | ||
| 700 | 1 |
_aVicente, María del Carmen, _ecorrector _4corr. _957201 |
|
| 700 | 1 |
_aLiz Rodríguez, Apolinar, _ecorrector _4corr. _984877 |
|
| 910 | _aBtavárez | ||
| 942 |
_2ddc _cLBS1 |
||
| 999 |
_c58584 _d58584 |
||